000 00511nam a2200181Ia 4500
008 240925s9999 xx 000 0 und d
020 _a9780070141797
082 _a621.3822 CAR
100 _aCarter, Nicholas P.
245 0 _aComputer Architecture and Organization
250 _a2nd
260 _aNew Delhi:
_bMcGraw Hill Education (India) Private Limited
_c,2014.
300 _a160p.
_b0
_fOriginal
500 _aIncludes Index
600 _aEngineering Technology
650 _aTechnology
942 _cBK
999 _c13076
_d13076